| 000 | 00472nam a2200181Ia 4500 | ||
|---|---|---|---|
| 001 | 25065 | ||
| 005 | 20260414151125.0 | ||
| 008 | 260414t2015||||xx |||||||||||||| ||spa|| | ||
| 041 | _aESP | ||
| 082 |
_a346.13 _bR61 |
||
| 100 |
_aRimascca Huarancca, Ángel _eAUT |
||
| 245 | 0 |
_aEl derecho registral : _ben la jurisprudencia del Tribunal Registral |
|
| 260 | _c2015 | ||
| 300 |
_a350 páginas : _c24 cm. |
||
| 650 | _aDER | ||
| 654 | _aCDE | ||
| 942 |
_cLIB _dJUS _fJUS _2ddc _n |
||
| 999 |
_c25065 _d25065 |
||